La Contratación administrativa : como y con quien contrata la administración en sus esferas central, local e institucional / José Luis González-Berenguer Urrutia como y con quien contrata la administración en sus esferas central, local e institucional / José Luis González-Berenguer Urrutia
Descripción Física:
484 p. ; 19 cm
MARC
| LEADER | 00000nam a2200000Ia 4500 | ||
|---|---|---|---|
| 001 | 13865 | ||
| 008 | 160829s1966 xx 000 0 cat d | ||
| 080 | |a M-4-64 | ||
| 100 | |a González-Berenguer Urrutia, José Luis |9 23347 | ||
| 245 | |a La Contratación administrativa : |b como y con quien contrata la administración en sus esferas central, local e institucional / José Luis González-Berenguer Urrutia | ||
| 260 | |a Madrid : |b Municipalia, |c 1966 | ||
| 300 | |a 484 p. ; |c 19 cm | ||
| 590 | |a Notes, referències bibliogràfiques. | ||
| 590 | |a Índex. | ||
| 590 | |a Inclou legislació | ||
| 650 | |a Contractes administratius |x Espanya |9 23438 | ||
| 650 | |a Adjudicació de contractes |x Espanya |9 31953 | ||
| 901 | |a Arxiu | ||
| 942 | |n 1 | ||
| 952 | |0 0 |1 0 |4 0 |6 M464 |7 1 |9 45718 |a Arxiu |b Arxiu |d 2016-12-01 |l 0 |o M-4-64 |p 13865 |r 2016-12-01 00:00:00 |w 2016-12-01 |y ARXIU | ||
| 999 | |c 49218 |d 49218 | ||